Modern Arabic short stories : (Record no. 26988)
[ view plain ]
| 000 -LEADER | |
|---|---|
| fixed length control field | 02003cam a22003375a 4500 |
| 001 - CONTROL NUMBER | |
| control field | 013736188 |
| 003 - CONTROL NUMBER IDENTIFIER | |
| control field | EG-ScBUE |
| 005 - DATE AND TIME OF LATEST TRANSACTION | |
| control field | 20220228134213.0 |
| 008 - FIXED-LENGTH DATA ELEMENTS--GENERAL INFORMATION | |
| fixed length control field | 070417s2008 enk f b 000 j eng d |
| 020 ## - INTERNATIONAL STANDARD BOOK NUMBER | |
| International Standard Book Number | 9780863564369 (pbk.) |
| 040 ## - CATALOGING SOURCE | |
| Original cataloging agency | StDuBDS |
| Language of cataloging | eng |
| Description conventions | rda |
| Transcribing agency | StDuBDS |
| Modifying agency | Uk |
| -- | EG-ScBUE |
| 041 0# - LANGUAGE CODE | |
| Language code of text/sound track or separate title | eng |
| -- | ara |
| 082 04 - DEWEY DECIMAL CLASSIFICATION NUMBER | |
| Classification number | 892.730108 |
| Item number | HUS |
| Edition number | 22 |
| 100 1# - MAIN ENTRY--PERSONAL NAME | |
| Personal name | Husni, Ronak, |
| Relator term | author. |
| 9 (RLIN) | 41926 |
| 245 10 - TITLE STATEMENT | |
| Title | Modern Arabic short stories : |
| Remainder of title | a bilingual reader / |
| Statement of responsibility, etc | Ronak Husni, Daniel L. Newman. |
| 264 #1 - PUBLICATION, DISTRIBUTION, ETC. (IMPRINT) | |
| Place of publication, distribution, etc | London : |
| Name of publisher, distributor, etc | Saqi Books, |
| Date of publication, distribution, etc | 2008. |
| 300 ## - PHYSICAL DESCRIPTION | |
| Extent | 296 pages ; |
| Dimensions | 21 cm |
| 336 ## - CONTENT TYPE | |
| Source | rdacontent |
| Content type term | text |
| Content type code | txt |
| 337 ## - MEDIA TYPE | |
| Source | rdamedia |
| Media type term | unmediated |
| Media type code | n |
| 338 ## - CARRIER TYPE | |
| Source | rdacarrier |
| Carrier type term | volume |
| Carrier type code | nc |
| 504 ## - BIBLIOGRAPHY, ETC. NOTE | |
| Bibliography, etc | Includes bibliographical references. |
| 505 0# - FORMATTED CONTENTS NOTE | |
| Formatted contents note | The tale of the lamp / ʹIzz al-Dīn al-Madanī --<br/>A lonely woman / Zakariyyā Tāmir --<br/>The sacred tree / Muḥammad al-Zafzāf --<br/>Excerpt from The book of the dead / Ibrāhīm al-Faqih --<br/>Qismati and Nasibi / Najīb Maḥfūẓ --<br/>Yasmine's picture / Ḥanān al-Shaykh --<br/>The night and the sea / Muḥammad Shukrī --<br/>At the theatre / Idwār al-Kharrāt --<br/>Ancestral hair / Salwā Bakr --<br/>A hidden treasure / Fu'ād al-Takarlī --<br/>Night of torment / Laylā al-'Uthmān --<br/>A tray from Heaven / Yūsuf Idrīs. |
| 520 ## - SUMMARY, ETC. | |
| Summary, etc | This volume contains a collection of twelve stories by contemporary masters from Morocco to Iraq. In addition to works by writers already well-known in the West such as Idwar al-Kharrat, Fuad al-Takarli and Nobel Prize-winning Naguib Mahfouz, key authors whose fame has hitherto been restricted to the Middle East are also included. The collection features stories in both English and Arabic, prefaced by a brief author<br/> |
| 546 ## - LANGUAGE NOTE | |
| Language note | Text in English and Arabic. |
| 650 #7 - SUBJECT ADDED ENTRY--TOPICAL TERM | |
| Topical term or geographic name as entry element | Short stories, Arabic |
| Form subdivision | Translations into English. |
| Source of heading or term | BUEsh |
| 9 (RLIN) | 22815 |
| 651 ## - SUBJECT ADDED ENTRY--GEOGRAPHIC NAME | |
| Source of heading or term | BUEsh |
| 653 ## - INDEX TERM--UNCONTROLLED | |
| Resource For college | Humanities: English |
| Arrived date list | November2018 |
| 655 ## - INDEX TERM--GENRE/FORM | |
| Form subdivision | Reading book |
| 9 (RLIN) | 34232 |
| 700 1# - ADDED ENTRY--PERSONAL NAME | |
| Personal name | Newman, Daniel L., |
| Relator term | author. |
| 9 (RLIN) | 41927 |
| 942 ## - ADDED ENTRY ELEMENTS (KOHA) | |
| Source of classification or shelving scheme | Dewey Decimal Classification |
| Koha item type | Book - Borrowing |
| Withdrawn status | Lost status | Source of classification or shelving scheme | Damaged status | Not for loan | Collection code | Home library | Current library | Shelving location | Date acquired | Source of acquisition | Cost, normal purchase price | Full call number | Barcode | Date last seen | Koha item type | Total Checkouts | Total Renewals | Date checked out |
|---|---|---|---|---|---|---|---|---|---|---|---|---|---|---|---|---|---|---|
| Dewey Decimal Classification | Baccah | Central Library | Central Library | Second Floor | 14/11/2018 | Purchase | 370.00 | 892.730108 HUS | 000043914 | 15/07/2025 | NB - Book (Non borrowing) | |||||||
| Dewey Decimal Classification | Baccah | Central Library | Central Library | Second Floor | 14/11/2018 | Purchase | 370.00 | 892.730108 HUS | 000043915 | 15/07/2025 | Book - Borrowing | 4 | 7 | 12/02/2025 | ||||
| Dewey Decimal Classification | Baccah | Central Library | Central Library | Second Floor | 14/11/2018 | Purchase | 370.00 | 892.730108 HUS | 000043916 | 15/07/2025 | Book - Borrowing | 1 | 07/07/2019 |